| 000 | 00617nam a2200193Ia 4500 | ||
|---|---|---|---|
| 003 | OSt | ||
| 005 | 20191228094117.0 | ||
| 008 | 190216s9999||||xx |||||||||||||| ||und|| | ||
| 020 | _a9780071333450 | ||
| 040 | _coclc | ||
| 082 |
_a330.015195 _bGUJ/B |
||
| 100 |
_aGujarati, Damodar N _9867 |
||
| 245 | 0 |
_aBasic Econometrics / _cDamodar N Gujarati ; Dawn C Porter ; Sangeetha Gunasekar |
|
| 250 | _a5th ed. | ||
| 260 |
_bTata Mcgraw-Hill Education Private Limited, _c2012. _aNew Delhi: |
||
| 300 | _a886p | ||
| 650 | _aEconometrics | ||
| 942 |
_cBK _2ddc _h330.015195 _iGUJ/B _k330.015195 _mGUJ/B |
||
| 999 |
_c11242 _d11242 |
||